Statistiques concernant Royaumes de feu - cycle 2

Cliquez ici pour prendre le quiz!

Statistiques générales

  • Ce quiz a été pris 49 fois
  • Le résultat moyen est 12 sur 15

Statistiques - réponses

QuestionRéponse% Correct
Quel était le problème de Caméléon?C'est un Aile de Pluie qui ne pouvait pas changer de couleur
90%
Dans quelle équipaile Lune Clair se retrouve-t-elle ?Équipaile de jade
87%
Comment s'appellent la mère et les frères et soeurs de Qibli ?Cobra, Sonnette et Sirocco
85%
Qui est la dragonne à qui Triton a donné des pouvoirs animus ?Anémone
82%
Comment se nomme le père de Péril ?Caméléon
82%
Entre quels clans y a-t-il eu une guerre à la Montagne de Jade dans le Tome 10?Entre Ailes de Glace et Ailes de Nuit
82%
Avec qui Scarlet parlait-elle grâce au Visiteur de Rêves ?Frimaire
79%
Comment s'appelle le charognard de Winter?Bandit
77%
Quel est la formule pour dédoubler des objets grâce au bol animusé de Triton ?Double ration s'il vous plaît
77%
Dans quelle salle un cactus flamme-de-dragon a-t-il explosé ?Salle d'histoire
77%
Quelle est la dragonne que Grésil et Winter doivent tuer pour le défi de Diamant ?Fatale
74%
Quel est le nouveau prénom de Spectral quand il a été transformé en dragonnet ?Pacifique
74%
En qui la reine Scarlett a-t-elle transformée Grésil ?Pyrite
69%
Combien de frères a Triton ?31
64%
Dans quelle ville du Royaume des Ailes de Sable Triton a-t-il emmené Péril ?Possible-Ville
64%

Distribution des résultats

Percentile par nombre de réponses

% des personnes avec chaque résultat

Votre développement - résultats

Vous n’avez pas pris ce quiz